Responses for show #4258 - Wednesday, February 19, 2003

Travis Troyer game 2.

Contestants

[<< previous game]

David Vermillion, an economics student from Fairfield, Connecticut

Laura Chan, a web development intern from Cape Coral, Florida

Travis Troyer, a software engineer from Hereford, Maryland (whose 1-day cash winnings total $11,000)

[next game >>]

Jeopardy! Round responses

A CAPITAL IDEA
HAIRSTYLES
DINNER THEATER
FANGS FOR THE MEMORIES
SPORTING OBJECTS
(Alex: We want you to name the sport in which each sporting object is used.)
WHERE ARE YOU "AT"?
    $200 1
(David: What is Santa Fe?)
(Laura: What is Philadelphia?)

Paris

TravisLauraDavid
    $200 21
bouffant

David
    $200 26
(Travis: What is "Murder on the Orient Express?")

The Mousetrap

Travis
Triple Stumper
    $200 16
canines

Travis
    $200 6
golf

David
    $200 11
at fault

David
    $400 2
Mexico City

Travis
    $400 22
(Alex: And that's me, by the way, just about 5 years ago!)

Mohawk

David
    $400 27
Grease

Travis
    $400 17
saber-tooth tiger

David
    $400 7
(David: What is Wiffle Ball?)
(Travis: What is baseball?)

ping pong/table tennis

TravisDavid
Triple Stumper
    $400 12
at ease

Travis
    $600 3
Tokyo

Travis
    $600 23
earmuffs

David
    $600 28
Nuts

Triple Stumper
    $600 18
"White Fang"

Travis
    $600 8
baseball

Travis
    $600 13
at the end of your rope/at your rope's end

David
    $800 4
Kingston, Jamaica

Travis
    $3,000 24
crew cut

David
    $800 29
(David: What is "12 Angry Men?")
....
[buzzer sounds to end the round]
....
(Alex: And I'm not going to re-read the clue!)

Inherit the Wind

David
Triple Stumper
    $800 19
Lestat

Travis
    $800 9
tennis

Travis
    $800 14
at a loss

Triple Stumper
    $1000 5
Amsterdam

Travis
    $1000 25
(Alex: Less than a minute now.)

cornrows

Travis
    $1000 20
gaboon viper

Triple Stumper
    $1000 10
badminton

David
    $1000 15
at his/her mercy

Triple Stumper

Scores at the first commercial break (after clue 15):

Travis Laura David
$4,400 -$200 $1,400

Scores at the end of the Jeopardy! Round:

Travis Laura David
$7,200 -$200 $5,200

Double Jeopardy! Round responses

CZECH REPUBLIC HISTORY
THE CINEMA
MIDDLE NAME, PLEASE
20th CENTURY QUOTATIONS
A PUB QUIZ
TIME FOR A "BRU"
    $400 2
Slovakia

Travis
    $400 22
Forrest Gump

Travis
    $400 21
(Alex: Minute to go.)

(John) Philip (Sousa)

Travis
    $400 1
the pope (Pope John XXIII)

Travis
    $400 7
ale

David
    $400 12
Brutus

Travis
    $800 3
ice hockey

Travis
    $800 23
Rush Hour 2

Laura
    $800 27
(Harriet) Beecher (Stowe)

David
    $1,200 17
(Laura: Who are...[time]?)

Babe Ruth & Herbert Hoover

Laura
    $800 8
pints & quarts

David
    $800 13
Brunei

Travis
    $1200 4
Vaclav Havel

David
    $1200 24
Fargo

David
    $1200 28
(David: What is Sherman?)
....
[buzzer sounds to end the round]

(George) Armstrong (Custer)

David
Triple Stumper
    $1200 18
"There is no there there"

Triple Stumper
    $1200 9
stout

Travis
    $1200 14
Dave Brubeck

Travis
    $1600 5
Gypsies

Travis
    $1600 25
Cheech Marin

Laura
    $1600 19
Cecil Rhodes

Laura
    $1600 10
rule of thumb

Triple Stumper
    $1600 15
Brunhilde

Laura
    $2000 6
(Travis: What is the Danube?)

Oder River

Travis
Triple Stumper
    $2000 26
Con Air

Travis
    $2000 20
Joe Hill

Triple Stumper
    $1,000 11
rum

Travis
    $2000 16
(David: What is Brussels?)

Bruges

David
Triple Stumper

Scores at the end of the Double Jeopardy! Round:

Travis Laura David
$15,800 $4,200 $6,400
(lock game)

[wagering suggestions for these scores]

Final Jeopardy! Round responses

COMPANY NAMES
LauraWhat is Whamo
$4,200
DavidWhat is Wham-O
$6,400
TravisWhat is Ping? [Whammo??]
$2,000
Wham-O

Final scores:

Travis Laura David
$13,800 $8,400 $12,800
2-day champion: $24,800 3rd place: $1,000 2nd place: $2,000

Game dynamics:

Coryat scores:

Travis Laura David
$16,800 $5,400 $4,200
25 R
(including 1 DD),
3 W
4 R,
2 W
(including 1 DD)
14 R
(including 1 DD),
5 W

Combined Coryat: $26,400

The J! Archive is created by fans, for fans. The Jeopardy! game show and all elements thereof, including but not limited to copyright and trademark thereto, are the property of Jeopardy Productions, Inc. and are protected under law. This website is not affiliated with, sponsored by, or operated by Jeopardy Productions, Inc. Join the discussion at JBoard.tv.